[Event "Guernsey Holiday"]
[Site "Guernsey"]
[Date "2009.10.23"]
[Round "6"]
[White "Harnden, Terry"]
[Black "Brown, Jim"]
[Result "1-0"]
[WhiteElo "1442"]
[BlackElo "1378"]
[PlyCount "101"]
[EventDate "2009.10.18"]
[SourceDate "2009.11.17"]

1. e4 d6 2. d4 c6 3. Be3 Nd7 4. Qd2 e5 5. c3 Be7 6. Bc4 Ngf6 7. f3 h6 8. Ne2 b5
9. Bb3 a6 10. Ng3 Nb6 11. Na3 O-O 12. O-O-O d5 13. Bc2 Nbd7 14. Nf5 Kh8 15.
Bxh6 Nh5 16. exd5 Bf6 17. dxc6 Nb6 18. h4 Nf4 19. Bxf4 exf4 20. Qxf4 Nd5 21.
Qd6 Bxf5 22. Qxd8 Rfxd8 23. Be4 Bxe4 24. fxe4 Ne3 25. Rd2 Rac8 26. d5 Be5 27.
Rf2 f6 28. Nc2 Nc4 29. Nb4 a5 30. Nd3 Bd6 31. h5 Ne3 32. h6 Ng4 33. hxg7+ Kxg7
34. Rf3 Re8 35. Re1 Re7 36. Nf4 Bxf4+ 37. Rxf4 Ne5 38. Kc2 Nc4 39. b3 Nd6 40.
Kd3 Re5 41. g4 Kg6 42. Ref1 Ne8 43. Kd4 Rg5 44. Kc5 Rb8 45. b4 a4 46. a3 Re5
47. c4 bxc4 48. Kxc4 Nd6+ 49. Kd3 Nb5 50. Rxf6+ Kg5 51. R6f5+ 1-0

[Event "Guernsey Holiday"]
[Site "Guernsey"]
[Date "2009.10.23"]
[Round "6"]
[White "Herschmann, Heinz"]
[Black "Van Beek, Ronald"]
[Result "1/2-1/2"]
[WhiteElo "1562"]
[BlackElo "1374"]
[PlyCount "83"]
[EventDate "2009.10.18"]
[SourceDate "2009.11.17"]

1. e4 e5 2. Nf3 Nc6 3. Nc3 a6 4. d3 Bb4 5. Bd2 Nf6 6. h3 O-O 7. Be2 d5 8. exd5
Nxd5 9. Nxd5 Bxd2+ 10. Qxd2 Qxd5 11. O-O b5 12. Rfd1 Bb7 13. c4 Qd8 14. Ne1 Nd4
15. Bf1 Qd6 16. f3 Qg6 17. Qf2 h5 18. Rac1 Rac8 19. Nc2 Nxf3+ 20. Kh1 Nd4 21.
Kh2 f5 22. h4 Ne6 23. Qg3 Qxg3+ 24. Kxg3 f4+ 25. Kh2 g5 26. hxg5 Nxg5 27. cxb5
axb5 28. d4 e4 29. Bxb5 c6 30. Bc4+ Kg7 31. b3 Rce8 32. Ne1 h4 33. d5 cxd5 34.
Bxd5 Bxd5 35. Rxd5 Kg6 36. Rcc5 f3 37. Rxg5+ Kh6 38. Rh5+ Kg6 39. Rcg5+ Kf7 40.
Rf5+ Ke7 41. Re5+ Kd8 42. Rd5+ 1/2-1/2

[Event "Guernsey Holiday"]
[Site "Guernsey"]
[Date "2009.10.24"]
[Round "7"]
[White "Hoogakker, Peter"]
[Black "Veelenturf, Wim"]
[Result "1/2-1/2"]
[WhiteElo "1773"]
[BlackElo "1756"]
[PlyCount "52"]
[EventDate "2009.10.18"]
[SourceDate "2009.11.17"]

1. e4 e5 2. Nf3 Nc6 3. Bc4 Nf6 4. d3 Bc5 5. c3 d6 6. O-O O-O 7. Nbd2 a6 8. Bb3
Bg4 9. h3 Bh5 10. Re1 b5 11. Nf1 Rb8 12. Ng3 Bg6 13. d4 exd4 14. cxd4 Bb6 15.
d5 Na5 16. Bc2 Re8 17. Nd4 Rb7 18. b3 Qd7 19. Kh1 Nxd5 20. f3 Nb4 21. Bb2 Nxc2
22. Qxc2 Bxd4 23. Bxd4 Nc6 24. Bb2 Ne7 25. f4 f6 26. f5 Bf7 1/2-1/2

[Event "Guernsey Holiday"]
[Site "Guernsey"]
[Date "2009.10.24"]
[Round "7"]
[White "Gibson, John"]
[Black "Haisma, Henk"]
[Result "1-0"]
[WhiteElo "1750"]
[BlackElo "1639"]
[PlyCount "103"]
[EventDate "2009.10.18"]
[SourceDate "2009.11.17"]

1. d4 d5 2. Nf3 Nf6 3. e3 e6 4. Bd3 c5 5. c3 Nc6 6. Nbd2 Bd6 7. O-O O-O 8. Re1
Qc7 9. e4 dxe4 10. Nxe4 Nxe4 11. Bxe4 f5 12. Bxc6 Qxc6 13. Ne5 Bxe5 14. Rxe5
cxd4 15. Qxd4 Rf6 16. Rc5 Qd7 {(=)} 17. Be3 f4 18. Qxd7 Bxd7 19. Bd4 Rg6 20. f3
Bc6 21. Kf2 h6 22. Re1 Bd5 23. b3 Rd8 24. Re2 Rg5 25. Be5 Rf5 26. Rc7 Rf7 27.
Rxf7 Kxf7 28. Bxf4 b5 29. Rd2 Rc8 30. Be5 a5 31. Rd4 Rc6 32. Ke2 g5 33. Kd3 Rc8
34. c4 bxc4+ 35. bxc4 Bc6 36. Kc3 Be8 37. Bd6 Bb5 38. c5 Bf1 39. g3 Bb5 40. f4
g4 41. Re4 Bc6 42. Re5 Rd8 43. Re2 Rd7 44. Rb2 Rb7 45. Rb6 Rxb6 46. cxb6 Ke8
47. Kd4 Kd7 48. Ke5 Bd5 49. a3 Kc6 50. Bc7 Kb5 51. f5 Ka4 52. f6 1-0

[Event "Guernsey Holiday"]
[Site "Guernsey"]
[Date "2009.10.24"]
[Round "7"]
[White "Williams, Peter D"]
[Black "Noordijk, Evert"]
[Result "1-0"]
[WhiteElo "1690"]
[BlackElo "1767"]
[PlyCount "89"]
[EventDate "2009.10.18"]
[SourceDate "2009.11.17"]

1. e4 d6 2. d4 Nf6 3. Nc3 Nbd7 4. Bc4 e5 5. Nf3 h6 6. O-O Be7 7. h3 c6 8. a4
Qc7 9. Bb3 Nf8 10. Qd3 Ng6 11. Ne2 O-O 12. c4 c5 13. d5 Nh5 14. g4 Nf6 15. Bc2
Nxg4 16. hxg4 Bxg4 17. Ng3 Bh3 18. Re1 Qd8 19. Kh2 Bg4 20. Nf5 h5 21. Rg1 Bf6
22. Bd1 Nf4 23. Bxf4 exf4 24. Ne1 Bxf5 25. exf5 Bxb2 26. Rb1 Qh4+ 27. Kg2 Bd4
28. Qf3 Qg5+ 29. Kf1 Qxf5 30. Qxh5 Qxh5 31. Bxh5 b6 32. Nd3 Rfe8 33. Re1 Rxe1+
34. Kxe1 Re8+ 35. Kd2 Bf6 36. Bf3 Be5 37. Rg4 f5 38. Rg6 Re7 39. Re6 Kf8 40.
Bh5 Rxe6 41. dxe6 Ke7 42. Bf7 Bd4 43. Nxf4 Bxf2 44. Ng6+ Kf6 45. Bg8 1-0

[Event "Guernsey Holiday"]
[Site "Guernsey"]
[Date "2009.10.24"]
[Round "7"]
[White "Van Hoek, Wim"]
[Black "Baart, Edwin"]
[Result "1-0"]
[WhiteElo "1743"]
[BlackElo "1704"]
[PlyCount "63"]
[EventDate "2009.10.18"]
[SourceDate "2009.11.17"]

1. e4 e5 2. Nf3 Nc6 3. Bc4 Nf6 4. d3 Be7 5. O-O d6 6. c3 O-O 7. Bb3 Na5 8. Bc2
c5 9. Re1 Bg4 10. h3 Bh5 11. Nbd2 Nc6 12. Nf1 Qc7 13. g4 Bg6 14. Ng3 Qd7 15. d4
exd4 16. cxd4 d5 17. e5 Bxc2 18. Qxc2 Ne4 19. Nxe4 dxe4 20. Qxe4 cxd4 21. Kg2
Rad8 22. Bg5 Rfe8 23. Bxe7 Rxe7 24. Ng5 Qd5 25. f4 Nb4 26. Qxd5 Nxd5 27. Kf3
Nb4 28. Red1 f6 29. exf6 Re3+ 30. Kf2 Nd3+ 31. Rxd3 Rxd3 32. f7+ 1-0

[Event "Guernsey Holiday"]
[Site "Guernsey"]
[Date "2009.10.24"]
[Round "7"]
[White "Wallace, Mitchel"]
[Black "Haddock, Paul"]
[Result "1-0"]
[WhiteElo "1690"]
[BlackElo "1522"]
[PlyCount "75"]
[EventDate "2009.10.18"]
[SourceDate "2009.11.17"]

1. e4 d5 2. exd5 Qxd5 3. Nf3 Bg4 4. Be2 Nf6 5. O-O e6 6. d4 Be7 7. c4 Qd8 8.
Nc3 c6 9. Bf4 Nh5 10. Be3 Nf6 11. h3 Bh5 12. Bf4 Bd6 13. Bxd6 Qxd6 14. Qb3 Qc7
15. Rad1 O-O 16. Rfe1 Nbd7 17. d5 exd5 18. cxd5 cxd5 19. Nxd5 Nxd5 20. Qxd5 Nf6
21. Qb3 Rfe8 22. Rc1 Qd7 23. Bc4 Bxf3 24. Qxf3 Rac8 25. Red1 Qe7 26. Qb3 h6 27.
Bb5 Rxc1 28. Rxc1 Rd8 29. Qc3 a6 30. Ba4 b5 31. Bb3 Kf8 32. Re1 Qb7 33. Qc5+
Kg8 34. Re7 Rd7 35. Bxf7+ Kh8 36. Re8+ Kh7 37. Qf5+ g6 38. Qxg6# 1-0

[Event "Guernsey Holiday"]
[Site "Guernsey"]
[Date "2009.10.24"]
[Round "7"]
[White "Jongerius, Marc"]
[Black "Norman, Dinah M"]
[Result "1/2-1/2"]
[WhiteElo "1633"]
[BlackElo "1834"]
[PlyCount "52"]
[EventDate "2009.10.18"]
[SourceDate "2009.11.17"]

1. e4 c6 2. d4 d5 3. Nc3 dxe4 4. Nxe4 Nd7 5. Ng5 Ngf6 6. Bd3 e6 7. f4 Bd6 8.
N1f3 h6 9. Ne4 Nxe4 10. Bxe4 Nf6 11. Bd3 O-O 12. Ne5 c5 13. Nf3 Qc7 14. g3 b6
15. Qe2 Bb7 16. Rf1 Rac8 17. Ba6 Bxa6 18. Qxa6 cxd4 19. Nxd4 Bb4+ 20. Bd2 Bxd2+
21. Kxd2 Rfd8 22. c3 Ne4+ 23. Ke3 Nc5 24. Qe2 e5 25. fxe5 Qxe5+ 26. Kf2 Qxe2+
1/2-1/2

[Event "Guernsey Holiday"]
[Site "Guernsey"]
[Date "2009.10.24"]
[Round "7"]
[White "Kershaw, Graham J"]
[Black "Finch, Russell"]
[Result "0-1"]
[WhiteElo "1826"]
[BlackElo "1485"]
[PlyCount "65"]
[EventDate "2009.10.18"]
[SourceDate "2009.11.17"]

1. e4 c5 2. Nf3 d6 3. d4 cxd4 4. Nxd4 Nf6 5. Nc3 e6 6. Be2 Be7 7. Be3 O-O 8.
O-O a6 9. f4 Qc7 10. Bf3 Bd7 11. Qd2 Nc6 12. Nde2 Rac8 13. g4 Rfd8 14. Kh1 b5
15. g5 Ne8 16. Ng3 Bf8 17. a3 Na5 18. f5 Nc4 19. Qf2 Nxe3 20. Qxe3 Qc5 21. Qf4
Qe5 22. Qh4 exf5 23. Nxf5 Bxf5 24. exf5 Rc4 25. Qh3 d5 26. Rfe1 Qd6 27. Bxd5
Rxc3 28. Bxf7+ Kxf7 29. Qxc3 Qd5+ 30. Kg1 Bc5+ 31. Kf1 Qxf5+ 32. Ke2 Qg4+ 33.
Kf1 0-1

[Event "Guernsey Holiday"]
[Site "Guernsey"]
[Date "2009.10.24"]
[Round "7"]
[White "Beadle, John"]
[Black "Spierings, John"]
[Result "1/2-1/2"]
[WhiteElo "1650"]
[BlackElo "1822"]
[PlyCount "23"]
[EventDate "2009.10.18"]
[SourceDate "2009.11.17"]

1. e4 d5 2. exd5 Nf6 3. d4 Bg4 4. Nf3 Qxd5 5. Nbd2 Nc6 6. c3 O-O-O 7. Be2 e5 8.
Qb3 Qxb3 9. Nxb3 exd4 10. Nbxd4 Nxd4 11. Nxd4 Bc5 12. Be3 1/2-1/2

[Event "Guernsey Holiday"]
[Site "Guernsey"]
[Date "2009.10.24"]
[Round "7"]
[White "Glover, John"]
[Black "Smith, DWF."]
[Result "0-1"]
[WhiteElo "1802"]
[BlackElo "1532"]
[PlyCount "96"]
[EventDate "2009.10.18"]
[SourceDate "2009.11.17"]

1. Nf3 d5 2. c4 d4 3. g3 c5 4. b4 cxb4 5. a3 f6 6. Bg2 e5 7. d3 Bc5 8. O-O Nc6
9. axb4 Bxb4 10. Ba3 Bxa3 11. Nxa3 Nge7 12. Qb3 Na5 13. Qa2 Nec6 14. Rfb1 Rb8
15. Nd2 Be6 16. Nb3 O-O 17. Nxa5 Nxa5 18. Nb5 Nc6 19. Nxa7 Nxa7 20. Qxa7 b6 21.
Ra6 Rf7 22. Qa8 Rxa8 23. Rxa8 Bc8 24. Bd5 Kf8 25. Bxf7 Kxf7 26. Rb8 Qc7 27.
R8xb6 Kg6 28. h4 h5 29. Kg2 e4 30. dxe4 Qxc4 31. R1b2 d3 32. exd3 Qxd3 33. f3
Ba6 34. Rf2 Kf7 35. Rbb2 Qd7 36. Rbd2 Qe6 37. Rd1 Bc8 38. Rh1 Kg6 39. Rd2 f5
40. exf5+ Qxf5 41. Rd6+ Kh7 42. Rd2 Bb7 43. Rf2 Kh6 44. Rh2 g5 45. hxg5+ Kxg5
46. Rh4 Kg6 47. g4 hxg4 48. Rxg4+ Qxg4+ 0-1

[Event "Guernsey Holiday"]
[Site "Guernsey"]
[Date "2009.10.24"]
[Round "7"]
[White "Oxener, Aldo"]
[Black "Foster, Paul"]
[Result "1-0"]
[WhiteElo "1566"]
[BlackElo "1738"]
[PlyCount "53"]
[EventDate "2009.10.18"]
[SourceDate "2009.11.17"]

1. Nf3 Nf6 2. d4 b6 3. g3 Bb7 4. Bg2 g6 5. c4 Bg7 6. Nc3 e6 7. O-O O-O 8. Bf4
d6 9. Re1 Qd7 10. e4 Na6 11. Qd2 c5 12. dxc5 dxc5 13. Qxd7 Nxd7 14. Rad1 Rfd8
15. e5 Nc7 16. Re2 Nf8 17. Red2 Rxd2 18. Rxd2 h6 19. h4 a6 20. a4 f6 21. exf6
Bxf6 22. Bxc7 b5 23. Be5 Bxe5 24. Nxe5 Bxg2 25. Kxg2 b4 26. Ne4 Rc8 27. Nd7 1-0

[Event "Guernsey Holiday"]
[Site "Guernsey"]
[Date "2009.10.24"]
[Round "7"]
[White "Kirk, Matthew"]
[Black "Van Rossum, Pia"]
[Result "0-1"]
[WhiteElo "1541"]
[BlackElo "1661"]
[PlyCount "92"]
[EventDate "2009.10.18"]
[SourceDate "2009.11.17"]

1. d4 Nf6 2. c4 g6 3. Nc3 d6 4. e4 Bg7 5. Nf3 O-O 6. Be2 e5 7. d5 Ne8 8. O-O f5
9. Bg5 Bf6 10. Qd2 f4 11. Bxf6 Qxf6 12. b4 Nd7 13. h3 g5 14. Nh2 Qg6 15. Qd1
Ndf6 16. Re1 Rf7 17. c5 h5 18. c6 bxc6 19. dxc6 g4 20. hxg4 hxg4 21. Bc4 g3 22.
fxg3 fxg3 23. Bxf7+ Kxf7 24. Nf1 Nh5 25. Qf3+ Nef6 26. Ne3 Nf4 27. Ncd5 Be6 28.
Nxf4 exf4 29. Qxf4 Rg8 30. Nd5 Bxd5 31. exd5 Qh5 32. Qf3 Qh4 33. a3 Rg5 34.
Rad1 Rh5 35. Kf1 Qc4+ 36. Qd3 Rf5+ 37. Kg1 Qg4 38. Qe2 Qh4 39. Qe6+ Kg6 40.
Qxf5+ Kxf5 41. Kf1 Qh1+ 42. Ke2 Qxg2+ 43. Kd3 Nxd5 44. Kc4 Qa2+ 45. Kd4 Nf4 46.
Re8 Qd5+ 0-1

[Event "Guernsey Holiday"]
[Site "Guernsey"]
[Date "2009.10.24"]
[Round "7"]
[White "Kearsley, Raymond J"]
[Black "Forbes, Garry"]
[Result "0-1"]
[WhiteElo "1762"]
[BlackElo "1691"]
[PlyCount "44"]
[EventDate "2009.10.18"]
[SourceDate "2009.11.17"]

1. e4 g6 2. d4 Bg7 3. Nf3 d6 4. Nc3 a6 5. Be2 b5 6. a3 Nd7 7. O-O c5 8. Be3
cxd4 9. Nxd4 Ngf6 10. Qd2 O-O 11. f4 Bb7 12. Bf3 Qc7 13. Nd5 Nxd5 14. exd5 Nb6
15. c3 Nc4 16. Qe2 Nxe3 17. Qxe3 Rae8 18. Qd3 Qc5 19. Kh1 Bxd5 20. Rad1 Bc4 21.
Qe3 Bxf1 22. Rxf1 e5 0-1

[Event "Guernsey Holiday"]
[Site "Guernsey"]
[Date "2009.10.24"]
[Round "7"]
[White "Roberts, Malcolm A"]
[Black "Le Maitre, Richard"]
[Result "1-0"]
[WhiteElo "1754"]
[BlackElo "1219"]
[PlyCount "41"]
[EventDate "2009.10.18"]
[SourceDate "2009.11.17"]

1. e4 c5 2. c3 d6 3. d4 cxd4 4. cxd4 Nf6 5. Nc3 e6 6. Nf3 Nc6 7. Bd3 a6 8. O-O
Be7 9. Re1 O-O 10. e5 dxe5 11. dxe5 Nd5 12. Nxd5 Qxd5 13. Bf4 Nd4 14. Nxd4 Qxd4
15. Bxh7+ Kxh7 16. Qxd4 Kg8 17. h3 b5 18. Qe4 Bd7 19. Rad1 Rad8 20. a3 f5 21.
Qb7 1-0

[Event "Guernsey Holiday"]
[Site "Guernsey"]
[Date "2009.10.24"]
[Round "7"]
[White "Nalichowski, Bogdan"]
[Black "Timmerman, Peter"]
[Result "0-1"]
[WhiteElo "1615"]
[BlackElo "1562"]
[PlyCount "138"]
[EventDate "2009.10.18"]
[SourceDate "2009.11.17"]

1. e4 e5 2. Bc4 Nf6 3. d3 Bc5 4. h3 d5 5. exd5 Nxd5 6. Qf3 Be6 7. c3 c6 8. a3
a5 9. Ne2 Nd7 10. O-O O-O 11. Nd2 Qe7 12. Ne4 N7f6 13. N2g3 Nxe4 14. Nxe4 h6
15. Qg3 Kh8 16. Qxe5 f6 17. Qh5 Bb6 18. Nd2 Nf4 19. Qh4 Bxc4 20. Nxc4 Ne2+ 21.
Kh1 Bc7 22. Bxh6 gxh6 23. Qxh6+ Qh7 24. Qxh7+ Kxh7 25. Ne3 Nf4 26. d4 Rg8 27.
Ng4 Kg6 28. Rae1 Rae8 29. Re3 Nd5 30. Rf3 f5 31. Ne3 Nxe3 32. fxe3 Rgf8 33. g3
Bd6 34. Kg2 Re6 35. Rd1 Be7 36. Kf2 Re8 37. h4 Bd6 38. Rg1 Rf6 39. Ke2 Ref8 40.
Kd3 b6 41. Rff1 Re8 42. Rg2 Re4 43. g4 Rxg4 44. Rgf2 Rxh4 45. b4 axb4 46. axb4
c5 47. bxc5 bxc5 48. Rg2+ Kf7 49. Rfg1 cxd4 50. cxd4 Bf8 51. Rc1 Re6 52. Rc7+
Re7 53. Rc6 Re6 54. Rc7+ Kf6 55. Rc8 Bh6 56. Rg3 Rhe4 57. Rh8 Rxe3+ 58. Rxe3
Rxe3+ 59. Kc4 Bg7 60. Rh7 Re4 61. Rh1 Ke6 62. Rd1 Kd6 63. Rd2 f4 64. Rd3 Re3
65. Rxe3 fxe3 66. Kd3 Bxd4 67. Ke2 Ke5 68. Kf3 Kf5 69. Ke2 Kf4 0-1

[Event "Guernsey Holiday"]
[Site "Guernsey"]
[Date "2009.10.24"]
[Round "7"]
[White "Kok, Franciscus"]
[Black "Bateman, Kerry"]
[Result "1/2-1/2"]
[WhiteElo "1603"]
[BlackElo "1400"]
[PlyCount "86"]
[EventDate "2009.10.18"]
[SourceDate "2009.11.17"]

1. d4 Nf6 2. c4 c5 3. Nc3 cxd4 4. Qxd4 Nc6 5. Qd1 g6 6. Nf3 Bg7 7. e3 O-O 8.
Be2 e6 9. O-O a6 10. a3 Qc7 11. Qc2 d5 12. c5 e5 13. e4 d4 14. Nd5 Nxd5 15.
exd5 Bf5 16. Bd3 Bxd3 17. Qxd3 Na7 18. b4 Rfe8 19. d6 Qc6 20. Qc4 Nb5 21. Qb3
h6 22. Bb2 Rac8 23. Rad1 Re6 24. a4 Nxd6 25. cxd6 Qxd6 26. Rc1 Rd8 27. Nd2 e4
28. Nc4 Qd5 29. Na5 Qxb3 30. Nxb3 e3 31. fxe3 dxe3 32. Bxg7 Kxg7 33. Nc5 Re7
34. Rce1 Rd4 35. Rf3 Rxb4 36. Rfxe3 Rxe3 37. Rxe3 b6 38. Nxa6 Rxa4 39. Nb8 b5
40. Rb3 Rc4 41. Rxb5 Rc1+ 42. Kf2 Rc2+ 43. Kf3 Rc3+ 1/2-1/2

[Event "Guernsey Holiday"]
[Site "Guernsey"]
[Date "2009.10.24"]
[Round "7"]
[White "Savage, Neil"]
[Black "Welch, Hazel"]
[Result "1-0"]
[WhiteElo "1335"]
[BlackElo "1594"]
[PlyCount "56"]
[EventDate "2009.10.18"]
[SourceDate "2009.11.17"]

1. e4 c5 2. Nf3 d6 3. d4 cxd4 4. Nxd4 Nf6 5. Nc3 g6 6. Be3 Bg7 7. f3 O-O 8. Qd2
Nc6 9. O-O-O Bd7 10. g4 Rc8 11. h4 Ne5 12. h5 Nc4 13. Bxc4 Rxc4 14. hxg6 fxg6
15. Rh4 Qa5 16. Bh6 Rxc3 17. Bxg7 Qxa2 18. Qxc3 Kxg7 19. g5 e5 20. gxf6+ Rxf6
21. Nb3 Qa6 22. Rdh1 h5 23. Qe3 Bb5 24. Rg1 Be2 25. Rxh5 Rxf3 26. Qh6+ Kf7 27.
Qxg6+ Ke7 28. Rh7+ Kf8 1-0

[Event "Guernsey Holiday"]
[Site "Guernsey"]
[Date "2009.10.24"]
[Round "7"]
[White "Bennett, David"]
[Black "Collins, Alan"]
[Result "1/2-1/2"]
[WhiteElo "1410"]
[BlackElo "1690"]
[PlyCount "37"]
[EventDate "2009.10.18"]
[SourceDate "2009.11.17"]

1. Nf3 f5 2. d4 Nf6 3. Bf4 d6 4. Nbd2 g6 5. e3 Bg7 6. Bc4 d5 7. Bb3 c6 8. c4 e6
9. cxd5 exd5 10. O-O O-O 11. Rc1 Nbd7 12. Ng5 Re8 13. Ngf3 h6 14. Be5 Kh7 15.
Bc2 Nxe5 16. Nxe5 Ne4 17. Ndf3 g5 18. h3 Rf8 19. Ba4 1/2-1/2

[Event "Guernsey Holiday"]
[Site "Guernsey"]
[Date "2009.10.24"]
[Round "7"]
[White "Bakkes, Frits"]
[Black "Kaye, Michael J"]
[Result "1-0"]
[WhiteElo "1548"]
[BlackElo "1522"]
[PlyCount "61"]
[EventDate "2009.10.18"]
[SourceDate "2009.11.17"]

1. d4 Nf6 2. Nc3 g6 3. e4 d6 4. Nf3 Bg7 5. Be2 O-O 6. Be3 Ng4 7. Bg5 Qe8 8. Nd5
f6 9. Nxc7 Qd8 10. Nxa8 Be6 11. h3 Nh6 12. Bxh6 Bxh6 13. Bb5 Qa5+ 14. c3 Qxb5
15. d5 Bf7 16. Nd4 Qxb2 17. O-O Na6 18. Rb1 Qxc3 19. Rxb7 Rxa8 20. Rxe7 Nc5 21.
Nb5 Qb4 22. Nxd6 Rf8 23. Rxa7 Nxe4 24. Nxe4 Qxe4 25. d6 Rd8 26. Re1 Qb4 27. d7
Qb6 28. Qa4 Bf8 29. Ra8 Bd6 30. Rxd8+ Qxd8 31. Re8+ 1-0

[Event "Guernsey Holiday"]
[Site "Guernsey"]
[Date "2009.10.24"]
[Round "7"]
[White "Newrick, William R"]
[Black "Spicer, Jonathan"]
[Result "0-1"]
[WhiteElo "1347"]
[BlackElo "1526"]
[PlyCount "84"]
[EventDate "2009.10.18"]
[SourceDate "2009.11.17"]

1. d4 d5 2. e3 Bf5 3. Bd3 Bxd3 4. cxd3 Nf6 5. Nf3 e6 6. O-O Nc6 7. a3 Bd6 8.
Nc3 a6 9. e4 Be7 10. e5 Nd7 11. Be3 f6 12. Qd2 fxe5 13. Ne2 exd4 14. Nexd4 Nxd4
15. Nxd4 Nf8 16. Nf3 Ng6 17. Rfe1 O-O 18. Bg5 Qd7 19. d4 Rae8 20. Ne5 Nxe5 21.
Rxe5 Bd6 22. Re2 Be7 23. Bxe7 Qxe7 24. Re5 Rf6 25. Rae1 Qf7 26. Qe3 Rf8 27. f3
Re8 28. b4 Kf8 29. Qc3 {(=)} Rf5 30. Qd3 Qg6 31. Qe3 Rf6 32. Qc3 Re7 33. Qc5
Kf7 34. Qc3 c6 35. Qe3 Rf5 36. f4 Qf6 37. Rf1 g5 38. Qh3 Rxf4 39. Qxh7+ Ke8 40.
Rxf4 Qxf4 41. Qg8+ Kd7 42. h3 Qxd4+ 0-1

[Event "Guernsey Holiday"]
[Site "Guernsey"]
[Date "2009.10.24"]
[Round "7"]
[White "Carrick, Peter"]
[Black "Harnden, Terry"]
[Result "1/2-1/2"]
[WhiteElo "1522"]
[BlackElo "1442"]
[PlyCount "43"]
[EventDate "2009.10.18"]
[SourceDate "2009.11.17"]

1. e4 c5 2. Nf3 d6 3. b3 Nf6 4. d3 g6 5. Bb2 Bg7 6. Nbd2 Nc6 7. Be2 O-O 8. O-O
a6 9. Rb1 e5 10. Nc4 b5 11. Ne3 Ne7 12. c4 Nh5 13. Bc1 Nf4 14. Nd5 Nexd5 15.
cxd5 Qf6 16. Be3 Bg4 17. Kh1 Bh6 18. Rg1 Nxe2 19. Qxe2 Bxe3 20. Qxe3 Qf4 21.
Qxf4 exf4 22. Nd2 1/2-1/2

[Event "Guernsey Holiday"]
[Site "Guernsey"]
[Date "2009.10.24"]
[Round "7"]
[White "Van Beek, Ronald"]
[Black "Cox, Reginald E"]
[Result "1/2-1/2"]
[WhiteElo "1374"]
[BlackElo "1402"]
[PlyCount "52"]
[EventDate "2009.10.18"]
[SourceDate "2009.11.17"]

1. d4 Nf6 2. c4 e6 3. Nc3 Bb4 4. Bd2 Bxc3 5. Bxc3 O-O 6. e3 Nc6 7. Nf3 d5 8. c5
b6 9. b4 bxc5 10. bxc5 Ne4 11. Qc2 Rb8 12. Bd3 Nf6 13. O-O Re8 14. Ng5 g6 15.
f4 Ne7 16. h3 h6 17. Nf3 Kh7 18. g4 Nfg8 19. Ne5 Rf8 20. h4 f5 21. Qg2 c6 22.
h5 Qe8 23. hxg6+ Nxg6 24. gxf5 exf5 25. Kf2 Rf6 26. Rg1 Rb7 1/2-1/2

[Event "Guernsey Holiday"]
[Site "Guernsey"]
[Date "2009.10.24"]
[Round "7"]
[White "Brown, Jim"]
[Black "Herschmann, Heinz"]
[Result "0-1"]
[WhiteElo "1378"]
[BlackElo "1562"]
[PlyCount "56"]
[EventDate "2009.10.18"]
[SourceDate "2009.11.17"]

1. Nf3 e6 2. d4 d5 3. e3 Be7 4. b3 Nf6 5. Be2 O-O 6. O-O b6 7. Nbd2 Bb7 8. Bb2
Nbd7 9. a3 c5 10. Ne5 Nxe5 11. dxe5 Ne8 12. Nf3 f5 13. exf6 Bxf6 14. Be5 Nd6
15. Bd3 Nf7 16. Bxf6 Qxf6 17. h3 e5 18. Nh2 e4 19. Be2 Ne5 20. Ng4 Nxg4 21.
Bxg4 Rad8 22. Qe2 d4 23. Rad1 Kh8 24. Qe1 Ba6 25. Be2 d3 26. cxd3 exd3 27. Bxd3
Bxd3 28. Rxd3 Rxd3 0-1